[Event "III Festival A"]
[Site "Assisi ITA"]
[Date "2006.02.04"]
[Round "5"]
[White "Korneev, Oleg"]
[Black "Malfagia, Andrea"]
[Result "1-0"]
[WhiteElo "2649"]
[BlackElo "2244"]
[PlyCount "77"]
[EventDate "2006.02.02"]

1.e4 e6 2.d4 d5 3.Nc3 Bb4 4.e5 c5 5.a3 Bxc3+ 6.bxc3 Ne7 7.Qg4 Qc7 8.Qxg7 
Rg8 9.Qxh7 cxd4 10.Ne2 Nbc6 11.f4 Bd7 12.Qd3 dxc3 13.Rb1 d4 14.h4 Nf5 15.
h5 O-O-O 16.Rg1 f6 17.g4 fxe5 18.gxf5 exf5 19.Rxg8 Rxg8 20.Qc4 Rg4 21.fxe5
Qxe5 22.Qd3 Qe7 23.Qh3 Qe4 24.h6 Rh4 25.Qg3 Ne5 26.h7 d3 27.Qg8+ Kc7 28.
h8=Q Rxh8 29.Qxh8 dxc2 30.Rxb7+ Kxb7 31.Bg2 Qxg2 32.Qxe5 Qh1+ 33.Kf2 Bc6 
34.Qxf5 Qh4+ 35.Ke3 Ka6 36.Nd4 Qe1+ 37.Kd3 Qxc1 38.Qc8+ Bb7 39.Qe6+ 1-0

[Event "III Festival A"]
[Site "Assisi ITA"]
[Date "2006.02.04"]
[Round "5"]
[White "Mogranzini, Roberto"]
[Black "Peric, Slavisa"]
[Result "1-0"]
[WhiteElo "2370"]
[BlackElo "2284"]
[PlyCount "93"]
[EventDate "2006.02.02"]

1.e4 e6 2.d4 d5 3.Nd2 dxe4 4.Nxe4 Nd7 5.Nf3 Ngf6 6.Nxf6+ Nxf6 7.g3 c5 8.
Bg2 cxd4 9.Qxd4 Qxd4 10.Nxd4 Bd6 11.O-O O-O 12.Nb5 Bb8 13.c4 a6 14.Nc3 Bc7
15.Be3 Rd8 16.Rad1 Rxd1 17.Rxd1 Kf8 18.b3 Ke8 19.Na4 Nd7 20.c5 Nb8 21.Bf4 
Ba5 22.b4 Bd7 23.Rxd7 Nxd7 24.bxa5 e5 25.Be3 Rb8 26.Nb2 Kd8 27.Nc4 Kc7 28.
Kf1 f6 29.Nd6 Nf8 30.Bd5 Ng6 31.Nf5 Rd8 32.Be4 Rd1+ 33.Kg2 Ra1 34.Bd5 Rd1 
35.Bb3 Rd7 36.Be6 Rd3 37.Nxg7 Ra3 38.Ne8+ Kd8 39.Nd6 Kc7 40.Bb3 Rxa5 41.a4
Kc6 42.Bf7 Kc7 43.Be8 b6 44.cxb6+ Kb8 45.Nc4 Rd5 46.Bc6 Rd1 47.Bc5 1-0

[Event "III Festival A"]
[Site "Assisi ITA"]
[Date "2006.02.04"]
[Round "5"]
[White "Rigo, Gianfrancesco"]
[Black "Diotallevi, Maurizio"]
[Result "0-1"]
[WhiteElo "2019"]
[BlackElo "2122"]
[PlyCount "72"]
[EventDate "2006.02.02"]

1.e4 e6 2.Nf3 d5 3.Nc3 Nf6 4.e5 Nfd7 5.d4 c5 6.Bb5 Nc6 7.O-O cxd4 8.Nxd4 
Qc7 9.Bxc6 bxc6 10.f4 Ba6 11.Re1 g6 12.Qg4 Rb8 13.Be3 Rxb2 14.Rab1 Rxb1 
15.Rxb1 Be7 16.h4 h5 17.Nxe6 fxe6 18.Qxg6+ Kd8 19.Qxe6 Bc8 20.Qg6 Nf8 21.
Qd3 Ke8 22.f5 Rg8 23.f6 Bd8 24.Bf2 Qd7 25.Na4 Qg4 26.g3 Qxa4 27.Qf3 Be6 
28.Rb7 Bf7 29.Rxa7 Qxc2 30.Qa3 Qb1+ 31.Kh2 Nd7 32.Qd6 Qf5 33.Bc5 Be6 34.
Ra8 Qh3+ 35.Kg1 Rxg3+ 36.Kf2 Rg2+ 0-1

[Event "III Festival A"]
[Site "Assisi ITA"]
[Date "2006.02.04"]
[Round "5"]
[White "Rombaldoni, Axel"]
[Black "Lagumina, Giulio"]
[Result "0-1"]
[WhiteElo "2123"]
[BlackElo "2311"]
[PlyCount "92"]
[EventDate "2006.02.02"]

1.e4 e5 2.Nf3 d6 3.Bc4 Nf6 4.d3 Be7 5.O-O O-O 6.Re1 c6 7.Bb3 Nbd7 8.c3 Nc5
9.Bc2 Bg4 10.h3 Bh5 11.d4 Ne6 12.g4 Bg6 13.dxe5 dxe5 14.Qxd8 Raxd8 15.Nbd2
Nd7 16.Nc4 f6 17.Na5 Ndc5 18.Nh4 Rd7 19.Nxg6 hxg6 20.b4 Bd8 21.Nb3 Na4 22.
Re3 Bb6 23.Rf3 Rfd8 24.Nd2 Nxc3 25.Rxc3 Rxd2 26.Bxd2 Rxd2 27.Bb3 Bxf2+ 28.
Kf1 Kf7 29.Rac1 Bd4 30.R3c2 Rd3 31.Kg2 Re3 32.b5 c5 33.Rd2 Rxe4 34.Bxe6+ 
Kxe6 35.Rc4 Kd5 36.Rdc2 Re2+ 37.Rxe2 Kxc4 38.Kf3 Kd3 39.Re1 c4 40.Rd1+ Kc2
41.Ke2 c3 42.h4 f5 43.h5 f4 44.Rh1 e4 45.hxg6 f3+ 46.Kf1 Kd3 0-1

[Event "III Festival A"]
[Site "Assisi ITA"]
[Date "2006.02.04"]
[Round "5"]
[White "Rombaldoni, Denis"]
[Black "Caruso, Augusto"]
[Result "1-0"]
[WhiteElo "2292"]
[BlackElo "2232"]
[PlyCount "109"]
[EventDate "2006.02.02"]

1.d4 e6 2.g3 f5 3.Bg2 Nf6 4.c4 Be7 5.Nh3 O-O 6.O-O d6 7.Nc3 Qe8 8.Nf4 e5 
9.dxe5 dxe5 10.Nfd5 Bd8 11.e4 Nxe4 12.Nxe4 fxe4 13.Nc3 Nc6 14.Be3 Be6 15.
b3 Be7 16.Nxe4 Rd8 17.Qc1 Nd4 18.Bxd4 exd4 19.Ng5 Bxg5 20.Qxg5 c6 21.Rad1 
Qd7 22.Rd2 b6 23.c5 Rf5 24.Qh4 Rxc5 25.Rfd1 Bg4 26.Rxd4 Qxd4 27.Qxd8+ Qxd8
28.Rxd8+ Kf7 29.h3 Be6 30.Ra8 Ra5 31.Bxc6 Bxh3 32.a4 Rc5 33.Rxa7+ Kf6 34.
Be4 Be6 35.Ra6 Ke5 36.Rxb6 Bxb3 37.Rxb3 Kxe4 38.Rb7 g5 39.Kg2 h6 40.Rb4+ 
Kd3 41.Kh3 Ke2 42.f4 Kf3 43.fxg5 hxg5 44.Rb3+ Kf2 45.Rb5 g4+ 46.Kxg4 Rc4+ 
47.Kf5 Kxg3 48.a5 Ra4 49.Ke5 Kf3 50.Kd5 Ke3 51.Kc5 Kd3 52.Kb6 Kc4 53.a6 
Ra1 54.Ra5 Rb1+ 55.Kc6 1-0

[Event "III Festival A"]
[Site "Assisi ITA"]
[Date "2006.02.04"]
[Round "5"]
[White "Vincenzi, Marco"]
[Black "Magalotti, Andrea"]
[Result "0-1"]
[WhiteElo "2079"]
[BlackElo "2136"]
[PlyCount "70"]
[EventDate "2006.02.02"]

1.e4 e5 2.Nf3 Nc6 3.Bb5 Nf6 4.O-O Nxe4 5.d4 exd4 6.Re1 d5 7.Nxd4 Bd6 8.g3 
Qf6 9.f3 Bg4 10.Nxc6 bxc6 11.Bxc6+ Kf8 12.Kg2 Rd8 13.Be3 Be5 14.c3 Qxc6 
15.Bd4 Bxd4 16.Qxd4 Bxf3+ 17.Kxf3 Ng5+ 18.Kg2 Ne6 19.Qb4+ Kg8 20.Nd2 d4+ 
21.Nf3 Ng5 22.Rf1 Re8 23.Rf2 h6 24.Raf1 dxc3 25.Qxc3 Qb7 26.Re1 Kh7 27.Kf1
Rxe1+ 28.Kxe1 Re8+ 29.Kf1 Kg8 30.Qd3 Qc6 31.Qb3 g6 32.h4 Ne4 33.Ne5 Qe6 
34.Rxf7 Nd2+ 35.Kf2 Nxb3 0-1

[Event "III Festival A"]
[Site "Assisi ITA"]
[Date "2006.02.05"]
[Round "6"]
[White "Bondielli, Giorgio"]
[Black "Vincenzi, Marco"]
[Result "1-0"]
[WhiteElo "2025"]
[BlackElo "2079"]
[PlyCount "133"]
[EventDate "2006.02.02"]

1.e4 c5 2.d4 cxd4 3.c3 d3 4.Bxd3 Nc6 5.Nf3 d6 6.h3 Nf6 7.O-O g6 8.Qe2 Bg7 
9.Bg5 O-O 10.Na3 a6 11.Rfd1 Qc7 12.Qe3 Nd7 13.Bh6 Qb6 14.Nc4 Qxe3 15.Bxe3 
b5 16.Nb6 Nxb6 17.Bxb6 b4 18.Nd4 Ne5 19.Ba5 Bb7 20.f3 Nxd3 21.Rxd3 bxc3 
22.Bxc3 Rfe8 23.Nb3 Rac8 24.Bxg7 Kxg7 25.Rc1 Rxc1+ 26.Nxc1 Rc8 27.Rc3 Rxc3
28.bxc3 Kf6 29.Kf2 d5 30.exd5 Bxd5 31.Ke3 Bc4 32.h4 e5 33.Nb3 Ke6 34.Nc5+ 
Kd5 35.Nd3 a5 36.a3 f5 37.g3 Bb5 38.Nb2 Kc5 39.Kd2 Kd5 40.Ke3 Kc5 41.Kd2 
h6 42.Ke3 g5 43.hxg5 hxg5 44.Kd2 Kd5 45.Ke3 Ba6 46.Kd2 e4 47.f4 gxf4 48.
gxf4 Bc8 49.Ke3 Be6 50.Kd2 Bf7 51.Ke3 Bh5 52.Kd2 Kc5 53.Ke3 Bf7 54.Kd2 Bb3
55.Ke3 Kd5 56.Kd2 Ke6 57.Ke3 Kf6 58.Kf2 Kg6 59.Ke3 Kh5 60.Kf2 Kg4 61.Ke3 
Kg3 62.c4 Kg4 63.c5 Be6 64.c6 Kg3 65.c7 Kg2 66.Nc4 Kf1 67.Nxa5 1-0

[Event "III Festival A"]
[Site "Assisi ITA"]
[Date "2006.02.05"]
[Round "6"]
[White "Caruso, Augusto"]
[Black "Malfagia, Andrea"]
[Result "1-0"]
[WhiteElo "2232"]
[BlackElo "2244"]
[PlyCount "41"]
[EventDate "2006.02.02"]

1.Nc3 c5 2.Nf3 Nc6 3.e4 e6 4.d4 cxd4 5.Nxd4 Qc7 6.g3 a6 7.Bg2 Nf6 8.O-O 
Bc5 9.Nb3 Be7 10.a4 b6 11.Nd5 exd5 12.exd5 Bb7 13.dxc6 dxc6 14.Bf4 Qd8 15.
Qxd8+ Rxd8 16.Bc7 Nd7 17.Rfe1 Nc5 18.Nxc5 bxc5 19.Bxd8 Kxd8 20.Rad1+ Ke8 
21.Bh3 1-0

[Event "III Festival A"]
[Site "Assisi ITA"]
[Date "2006.02.05"]
[Round "6"]
[White "Cucinella, Vincenzo"]
[Black "Bonafede, Alessandro"]
[Result "1/2-1/2"]
[WhiteElo "2142"]
[BlackElo "2115"]
[PlyCount "88"]
[EventDate "2006.02.02"]

1.d4 f5 2.g3 Nf6 3.Bg2 g6 4.c4 Bg7 5.b3 O-O 6.Bb2 d6 7.Nf3 e6 8.O-O Qe7 9.
Nbd2 Nc6 10.Qc1 a5 11.Re1 Ne4 12.a3 d5 13.e3 g5 14.Ne5 Nxe5 15.dxe5 g4 16.
f3 gxf3 17.Bxf3 c6 18.Nxe4 fxe4 19.Bg2 Rf5 20.Rf1 Bxe5 21.Bxe5 Rxe5 22.Qc3
Qg7 23.Rac1 Rg5 24.Rf6 Rg6 25.Rcf1 Rxf6 26.Rxf6 Bd7 27.Qe5 Re8 28.Bf1 b6 
29.h4 Rf8 30.Rxf8+ Kxf8 31.Qd6+ Ke8 32.b4 axb4 33.axb4 Qf8 34.Qb8+ Ke7 35.
Qxb6 Qf3 36.Qc5+ Ke8 37.Bg2 Qxg3 38.b5 cxb5 39.cxb5 Qe1+ 40.Bf1 Qg3+ 41.
Bg2 Qb8 42.Bf1 Qg3+ 43.Bg2 Qe1+ 44.Bf1 Qg3+ 1/2-1/2

[Event "III Festival A"]
[Site "Assisi ITA"]
[Date "2006.02.05"]
[Round "6"]
[White "Diotallevi, Maurizio"]
[Black "Anceschi, Vittorio"]
[Result "1/2-1/2"]
[WhiteElo "2122"]
[BlackElo "2266"]
[PlyCount "82"]
[EventDate "2006.02.02"]

1.d4 f5 2.Bg5 h6 3.Bh4 g5 4.e4 Nf6 5.e5 e6 6.exf6 Qxf6 7.Bg3 f4 8.Qh5+ Qf7
9.Qxf7+ Kxf7 10.Nf3 Bg7 11.c3 Nc6 12.Nbd2 fxg3 13.hxg3 d6 14.O-O-O Bd7 15.
Bd3 Ne7 16.Rde1 Raf8 17.Nc4 Ke8 18.Ne3 Kd8 19.Re2 Nf5 20.Kd2 Nxe3 21.Kxe3 
Re8 22.Kd2 Rhf8 23.Rhe1 e5 24.dxe5 dxe5 25.Nh2 Rf6 26.f3 Rd6 27.Kc2 a5 28.
Be4 b5 29.g4 Be6 30.b3 Ke7 31.Rd1 Red8 32.Red2 a4 33.Nf1 axb3+ 34.axb3 
Rxd2+ 35.Rxd2 Rxd2+ 36.Nxd2 Kd6 37.Nf1 Kc5 38.Ne3 Bf8 39.Kb2 c6 40.Kc2 b4 
41.c4 Kd6 1/2-1/2

[Event "III Festival A"]
[Site "Assisi ITA"]
[Date "2006.02.05"]
[Round "6"]
[White "Giuliani, Sante"]
[Black "Frigieri, Fabrizio"]
[Result "0-1"]
[WhiteElo "2004"]
[BlackElo "2096"]
[PlyCount "82"]
[EventDate "2006.02.02"]

1.e4 c5 2.Nf3 e6 3.d3 Nc6 4.g3 g6 5.Bg2 Bg7 6.O-O Nge7 7.c3 O-O 8.d4 cxd4 
9.cxd4 d5 10.e5 Bd7 11.Nc3 Rc8 12.g4 f6 13.Re1 fxe5 14.dxe5 Qb6 15.Be3 
Qxb2 16.Na4 Qb4 17.Rb1 Qxg4 18.Rxb7 Nxe5 19.Nxe5 Qxd1 20.Rxd1 Bxa4 21.Rd4 
Bc2 22.Rxe7 Bxe5 23.Bxd5 exd5 24.Rxe5 Be4 25.Re7 Rb8 26.Rd1 a5 27.h3 Rf7 
28.Rxf7 Kxf7 29.Bd4 a4 30.Rc1 Ke6 31.f4 Bb1 32.Re1+ Kf5 33.Be5 Rb7 34.Re2 
Bd3 35.Rd2 Ke4 36.Kf2 Rb1 37.Kg3 Ke3 38.Rh2 Rg1+ 39.Kh4 Be2 40.Bd4+ Kxd4 
41.Rxe2 Kc3 0-1

[Event "III Festival A"]
[Site "Assisi ITA"]
[Date "2006.02.05"]
[Round "6"]
[White "Korneev, Oleg"]
[Black "Rombaldoni, Denis"]
[Result "1-0"]
[WhiteElo "2649"]
[BlackElo "2292"]
[PlyCount "81"]
[EventDate "2006.02.02"]

1.e4 c6 2.d4 d5 3.Nc3 dxe4 4.Nxe4 Nf6 5.Nxf6+ gxf6 6.c3 Nd7 7.Nf3 Nb6 8.g3
Bg4 9.Bg2 Qd7 10.h3 Bf5 11.Qe2 O-O-O 12.Nh4 Be6 13.b3 Bg7 14.Be3 Kb8 15.c4
Ka8 16.a4 f5 17.Nf3 Nc8 18.a5 a6 19.Bf4 Bxd4 20.O-O-O c5 21.Be5 Bxc4 22.
Qxc4 Nd6 23.Bxd6 Qxd6 24.Nxd4 cxd4 25.Kb2 f6 26.g4 e5 27.gxf5 Rc8 28.Qe6 
Qb4 29.Qxa6+ Kb8 30.Qb6 Qc3+ 31.Ka3 Qc5+ 32.Qxc5 Rxc5 33.Kb4 Rc2 34.Rhf1 
Rhc8 35.Be4 R2c3 36.Rd3 R3c5 37.f4 Ka7 38.fxe5 Rxe5 39.Rxd4 Rcc5 40.Ra1 
Rb5+ 41.Kc3 1-0

[Event "III Festival A"]
[Site "Assisi ITA"]
[Date "2006.02.05"]
[Round "6"]
[White "Lagumina, Giulio"]
[Black "Mogranzini, Roberto"]
[Result "1/2-1/2"]
[WhiteElo "2311"]
[BlackElo "2370"]
[PlyCount "124"]
[EventDate "2006.02.02"]

1.e4 c5 2.Nf3 e6 3.d3 Nc6 4.g3 g6 5.Bg5 Qb6 6.Nbd2 Bg7 7.Rb1 Nge7 8.Bg2 h6
9.Be3 d5 10.exd5 exd5 11.b4 Nxb4 12.a3 d4 13.Bxd4 cxd4 14.Rxb4 Qe6+ 15.Qe2
Qxe2+ 16.Kxe2 Nc6 17.Rb5 O-O 18.Nc4 Rb8 19.Rhb1 b6 20.a4 Ba6 21.Rd5 Rfe8+ 
22.Kd2 Rbd8 23.Rxd8 Rxd8 24.Re1 Bf8 25.Re4 Bc8 26.Nfe5 Nb4 27.Re2 h5 28.f4
Kg7 29.Bf3 Be6 30.Nc6 Nxc6 31.Bxc6 Bb4+ 32.Kc1 h4 33.Kb2 hxg3 34.hxg3 Rh8 
35.Ne5 Rh3 36.g4 Rg3 37.Rg2 Rxg2 38.Bxg2 Bd2 39.Bf3 Bxf4 40.Nc6 Bd7 41.Kb3
Kf6 42.Kc4 Bxc6 43.Bxc6 Ke5 44.Be8 f5 45.gxf5 gxf5 46.Kb5 Bd2 47.Ka6 f4 
48.Bc6 Ba5 49.Kxa7 Kd6 50.Be4 Kc5 51.Kb7 Kd6 52.Ka6 Kc5 53.Kb7 Kb4 54.Kc6 
Kxa4 55.Kd5 Bc3 56.Ke5 Ka3 57.Kxf4 Kb2 58.Bd5 Kxc2 59.Bc4 Bb2 60.Ke5 Kc3 
61.Kd6 Kb4 62.Kc6 Ka5 1/2-1/2

[Event "III Festival A"]
[Site "Assisi ITA"]
[Date "2006.02.05"]
[Round "6"]
[White "Magalotti, Andrea"]
[Black "Bartolozzi, Roberto"]
[Result "1/2-1/2"]
[WhiteElo "2136"]
[BlackElo "2093"]
[PlyCount "102"]
[EventDate "2006.02.02"]

1.Nf3 d5 2.c4 e6 3.d4 Nf6 4.Nc3 Be7 5.Bf4 c6 6.e3 O-O 7.Qc2 Nbd7 8.g4 Re8 
9.g5 Nh5 10.cxd5 exd5 11.Bg3 Nf8 12.Bd3 c5 13.Rg1 c4 14.Bf5 g6 15.Bxc8 
Rxc8 16.Be5 a6 17.Ne2 Qa5+ 18.Kf1 b5 19.Nf4 Nxf4 20.exf4 Nd7 21.h4 b4 22.
Kg2 Qb6 23.Rgd1 Qe6 24.f5 Qxf5 25.Qxf5 gxf5 26.Kg3 c3 27.bxc3 bxc3 28.Bf4 
Ba3 29.Bc1 Bb2 30.Bxb2 cxb2 31.Rab1 Re2 32.Rd3 Nb6 33.Rb3 Nc4 34.Ne5 Nxe5 
35.dxe5 Rcc2 36.f3 a5 37.a4 d4 38.Kf4 d3 39.Rxd3 Rc4+ 40.Kxf5 Rxh4 41.f4 
Rf2 42.Rd4 Rh3 43.Kf6 h5 44.g6 fxg6 45.Rg1 Rg3 46.Rxg3 Rxf4+ 47.Rxf4 b1=Q 
48.Rxg6+ Kh7 49.Rg5 Qb6+ 50.e6 Qd8+ 51.Kf5 Qd5+ 1/2-1/2

[Event "III Festival A"]
[Site "Assisi ITA"]
[Date "2006.02.05"]
[Round "6"]
[White "Novelli, Cristiano"]
[Black "Rigo, Gianfrancesco"]
[Result "1-0"]
[WhiteElo "2073"]
[BlackElo "2019"]
[PlyCount "47"]
[EventDate "2006.02.02"]

1.e4 e5 2.d4 exd4 3.f4 Bc5 4.Nf3 Nc6 5.a3 a5 6.Bd3 d5 7.e5 Nge7 8.Nbd2 a4 
9.b4 axb3 10.Nxb3 Bb6 11.Bb2 Bf5 12.Nfxd4 Bxd3 13.Qxd3 Qd7 14.O-O Qf5 15.
Qd2 Nxd4 16.Bxd4 Bxd4+ 17.Nxd4 Qd7 18.f5 O-O 19.f6 Ng6 20.Nf5 Nxe5 21.Ne7+
Kh8 22.fxg7+ Kxg7 23.Qg5+ Ng6 24.Nf5+ 1-0

[Event "III Festival A"]
[Site "Assisi ITA"]
[Date "2006.02.05"]
[Round "6"]
[White "Peric, Slavisa"]
[Black "Rombaldoni, Axel"]
[Result "1-0"]
[WhiteElo "2284"]
[BlackElo "2123"]
[PlyCount "159"]
[EventDate "2006.02.02"]

1.d4 d5 2.Nf3 c6 3.Bf4 Bg4 4.Nbd2 Nf6 5.c4 e6 6.Qb3 Qc8 7.e3 Nbd7 8.h3 Bh5
9.Bd3 Be7 10.O-O h6 11.g4 Bg6 12.Bxg6 fxg6 13.Qd3 g5 14.Qg6+ Kd8 15.Bg3 
Nf8 16.Qd3 Bb4 17.e4 Bxd2 18.Nxd2 h5 19.e5 N6d7 20.Nf3 hxg4 21.Nxg5 Ke8 
22.hxg4 Qd8 23.f4 dxc4 24.Qe4 Nb6 25.Kg2 Qd5 26.Rh1 Rxh1 27.Rxh1 Rd8 28.
Qxd5 Rxd5 29.Bf2 Rb5 30.Rh8 Ke7 31.Rg8 Rxb2 32.Rxg7+ Ke8 33.Ne4 Nd5 34.
Nd6+ Kd8 35.Nxb7+ Kc8 36.Nd6+ Kb8 37.Nxc4 Nxf4+ 38.Kf3 Rxa2 39.Bg3 N4g6 
40.Be1 c5 41.Na5 cxd4 42.Nc6+ Ka8 43.Bb4 d3 44.Bxf8 d2 45.Ke2 Nf4+ 46.Kd1 
Nd5 47.Rxa7+ Rxa7 48.Nxa7 Ne3+ 49.Kxd2 Nxg4 50.Nc6 Kb7 51.Nd8+ Kc8 52.Nf7 
Kd7 53.Bg7 Kc6 54.Nh6 Nf2 55.Ke3 Nd1+ 56.Kd4 Nb2 57.Ng4 Na4 58.Bf8 Nb6 59.
Nf6 Kb5 60.Bd6 Nc4 61.Ne4 Nxe5 62.Bxe5 Kc6 63.Nc5 Kb6 64.Ne4 Kc6 65.Nf6 
Kb6 66.Kc4 Kc6 67.Kb4 Kb6 68.Ne4 Kc6 69.Kc4 Kb6 70.Bd4+ Kc6 71.Bc5 e5 72.
Bd6 Kb6 73.Kd5 Kb7 74.Kc5 Ka6 75.Bc7 Kb7 76.Bb6 Ka6 77.Nd6 e4 78.Kc6 e3 
79.Ne4 e2 80.Nc5# 1-0

[Event "II Weekend Accademia A Inverno"]
[Site "Roma ITA"]
[Date "2006.02.03"]
[Round "1"]
[White "Caporale, Giuseppe Guido"]
[Black "Tudorache, Marian"]
[Result "0-1"]
[WhiteElo "1866"]
[BlackElo "2078"]
[PlyCount "70"]
[EventDate "2006.02.03"]

1. e4 c5 2. Nf3 Nc6 3. c3 Nf6 4. e5 Nd5 5. d4 cxd4 6. cxd4 d6 7. Be2 g6 8. Nc3
Nxc3 9. bxc3 Bg7 10. Bf4 O-O 11. exd6 exd6 12. O-O d5 13. Qd2 Re8 14. h3 Bf5
15. Nh2 Na5 16. Rfe1 Rc8 17. Bb5 Bd7 18. Rxe8+ Bxe8 19. Bd3 Nc4 20. Bxc4 Rxc4
21. Nf3 Rc8 22. Re1 Bb5 23. Be5 f6 24. Bg3 Qd7 25. Qb2 Bh6 26. Qa3 Bf8 27. Qc1
Qc6 28. Qf4 Bd3 29. Re3 Be4 30. h4 Qa6 31. Nd2 Bf5 32. c4 Qxa2 33. Re2 dxc4 34.
Qe3 c3 35. Ne4 Qb1+ 0-1

[Event "II Weekend Accademia A Inverno"]
[Site "Roma ITA"]
[Date "2006.02.03"]
[Round "1"]
[White "Failli, Riccardo"]
[Black "Sautto, Daniele"]
[Result "1-0"]
[WhiteElo "1874"]
[BlackElo "2166"]
[PlyCount "59"]
[EventDate "2006.02.03"]

1. e4 d5 2. exd5 Qxd5 3. Nc3 Qe5+ 4. Be2 c6 5. Nf3 Qc7 6. d4 Bf5 7. Nh4 Bg6 8.
Nxg6 hxg6 9. Bc4 Rxh2 10. Rxh2 Qxh2 11. Qf3 e6 12. Bf4 Qh1+ 13. Bf1 Qh5 14. g4
Qa5 15. Bc4 Nf6 16. Kf1 Nbd7 17. Re1 Nb6 18. Bb3 O-O-O 19. Be5 Rd7 20. g5 Ne8
21. Bxe6 fxe6 22. Qxf8 Kd8 23. Ne4 Nc4 24. Nc5 Re7 25. Bf6 gxf6 26. gxf6 Nd2+
27. Kg2 Rh7 28. Nxe6+ Kd7 29. Nc5+ Kc7 30. Re7+ 1-0

[Event "II Weekend Accademia A Inverno"]
[Site "Roma ITA"]
[Date "2006.02.03"]
[Round "1"]
[White "Ferretti, Folco"]
[Black "Vannelli, Vittorio"]
[Result "1-0"]
[WhiteElo "2264"]
[BlackElo "1907"]
[PlyCount "51"]
[EventDate "2006.02.03"]

1. Nf3 d5 2. c4 Nf6 3. cxd5 Nxd5 4. e4 Nb6 5. d4 Bg4 6. Be2 e6 7. Be3 Nc6 8.
O-O Be7 9. a4 a5 10. Nc3 O-O 11. Rc1 Nb4 12. Ne5 Bxe2 13. Qxe2 Bf6 14. f4 Bxe5
15. fxe5 Qd7 16. Rf3 Rad8 17. Rg3 Nc6 18. Rd1 Kh8 19. Qh5 g6 20. Qh6 f6 21.
exf6 Rxf6 22. Bg5 Rf7 23. Bxd8 Nxd4 24. Rgd3 e5 25. Qg5 Qe6 26. Bxc7 1-0

[Event "II Weekend Accademia A Inverno"]
[Site "Roma ITA"]
[Date "2006.02.03"]
[Round "1"]
[White "Foschini, Andrea"]
[Black "Corso, Sergio"]
[Result "0-1"]
[WhiteElo "1939"]
[BlackElo "2302"]
[PlyCount "94"]
[EventDate "2006.02.03"]

1. e4 c5 2. Nf3 e6 3. d4 cxd4 4. Nxd4 Nc6 5. Nc3 d6 6. Be3 Nf6 7. Be2 Be7 8.
O-O O-O 9. f4 Qc7 10. Qd2 a6 11. a4 Nxd4 12. Bxd4 e5 13. Be3 exf4 14. Rxf4 Be6
15. Raf1 Nd7 16. Nd5 Bxd5 17. exd5 Bg5 18. R4f2 Bxe3 19. Qxe3 g6 20. Bd3 Ne5
21. Qd4 f5 22. h3 Rac8 23. Kh1 Qc5 24. Qxc5 Rxc5 25. Rd1 Kg7 26. Bf1 Rfc8 27.
c3 Re8 28. Kg1 Rc7 29. Rd4 a5 30. Bb5 Ree7 31. Rfd2 Nf7 32. Kf2 Kf6 33. Re2
Rxe2+ 34. Bxe2 Ke5 35. Kf3 Rc5 36. Ke3 Ng5 37. c4 Rc7 38. h4 Nf7 39. g4 b6 40.
b3 Re7 41. gxf5 gxf5 42. Bd1 Nh6 43. Bf3 Rg7 44. Rd2 f4+ 45. Kf2 Nf5 46. Re2+
Ne3 47. Rd2 Rg3 0-1

[Event "II Weekend Accademia A Inverno"]
[Site "Roma ITA"]
[Date "2006.02.03"]
[Round "1"]
[White "Macor, Carlo"]
[Black "Quimi, Marco"]
[Result "0-1"]
[WhiteElo "1892"]
[BlackElo "2195"]
[PlyCount "94"]
[EventDate "2006.02.03"]

1. c4 Nf6 2. Nf3 c5 3. g3 g6 4. Bg2 Bg7 5. O-O O-O 6. Nc3 Nc6 7. d3 d6 8. Bd2
Rb8 9. Rb1 a6 10. Nd5 b5 11. Nxf6+ Bxf6 12. Ng5 Bd7 13. Ne4 Bg7 14. Bc3 bxc4
15. Bxg7 Kxg7 16. dxc4 Ne5 17. b3 Bf5 18. h3 h5 19. e3 Qc8 20. f4 Nc6 21. Kh2
f6 22. Rb2 a5 23. Nc3 Bd7 24. a4 Be6 25. Nb5 Nb4 26. Rd2 Rd8 27. h4 Bg4 28. Bf3
Bf5 29. Re1 Bg4 30. e4 Nc6 31. Bxg4 Qxg4 32. Qxg4 hxg4 33. Kg2 Nd4 34. Rd3 Rb7
35. Nxd4 cxd4 36. e5 dxe5 37. fxe5 f5 38. Red1 Kf7 39. Rxd4 Rxd4 40. Rxd4 Rxb3
41. Rd5 Rb4 42. Rxa5 Rxc4 43. Ra6 Re4 44. e6+ Rxe6 45. Rxe6 Kxe6 46. Kf2 Kd7
47. Ke3 e5 0-1

[Event "II Weekend Accademia A Inverno"]
[Site "Roma ITA"]
[Date "2006.02.03"]
[Round "1"]
[White "Marotta, Michele"]
[Black "Coscia, Alberto"]
[Result "1-0"]
[WhiteElo "2066"]
[BlackElo "1809"]
[PlyCount "187"]
[EventDate "2006.02.03"]

1. e4 e5 2. Bc4 Nf6 3. d3 d6 4. f4 Bg4 5. Nf3 Nc6 6. h3 Bxf3 7. Qxf3 exf4 8.
Bxf4 Ne5 9. Bb5+ c6 10. Bxe5 dxe5 11. Bc4 Qb6 12. Bb3 a5 13. Qf5 Qe3+ 14. Kf1
Bd6 15. Nc3 b5 16. a4 b4 17. Re1 Qd4 18. Nd1 O-O 19. Qf2 Qxf2+ 20. Kxf2 Bc5+
21. Ke2 Nh5 22. Rh2 Kh8 23. g4 Nf4+ 24. Kd2 Rad8 25. Ne3 Bb6 26. Nc4 Bc7 27.
Ne3 g6 28. Reh1 Rd7 29. Ng2 Ne6 30. Bxe6 fxe6 31. Ne3 Rdf7 32. Nc4 Kg7 33. Ke2
Rf4 34. Rg2 h6 35. Rb1 Kf6 36. Rbg1 Kg5 37. h4+ Kf6 38. g5+ hxg5 39. Rxg5 Ke7
40. R1g2 Rxh4 41. Rxg6 Rh5 42. Rg7+ Rf7 43. Rg8 Bd8 44. R8g5 Rxg5 45. Rxg5 Rh7
46. Ne3 Rh2+ 47. Rg2 Rxg2+ 48. Nxg2 Kd6 49. Ne3 Bc7 50. Nc4+ Ke7 51. Kf3 Kf6
52. Kg4 Kg6 53. c3 c5 54. cxb4 cxb4 55. b3 Kh6 56. Nd2 Kg6 57. Nf3 Kf6 58. Kh5
Bb6 59. Nd2 Bc7 60. Nc4 Bd8 61. Ne3 Bc7 62. Ng4+ Kg7 63. Nh2 Kf6 64. Nf3 Bb6
65. Kh6 Be3+ 66. Kh5 Bb6 67. Nh2 Bc5 68. Ng4+ Kg7 69. Nh2 Kf6 70. Nf3 Kf7 71.
Nd2 Bb6 72. Nc4 Bc7 73. Kg5 Kg7 74. Kg4 Kf6 75. Kf3 Bd8 76. Ke3 Ke7 77. d4 Kd7
78. Nxe5+ Kd6 79. Nc4+ Kc6 80. Kf4 Bc7+ 81. Kg5 Bd8+ 82. Kg6 Kd7 83. Kf7 Bc7
84. Ne5+ Kd6 85. Nd3 Bb6 86. Nc5 e5 87. Nb7+ Kc7 88. Nxa5 exd4 89. Nc4 Bc5 90.
e5 Kd8 91. e6 d3 92. a5 Be7 93. a6 Bc5 94. a7 1-0

[Event "II Weekend Accademia A Inverno"]
[Site "Roma ITA"]
[Date "2006.02.03"]
[Round "1"]
[White "Nicolai, Antonio"]
[Black "Bellincampi, Stefano"]
[Result "0-1"]
[WhiteElo "1804"]
[BlackElo "2048"]
[PlyCount "94"]
[EventDate "2006.02.03"]

1. d4 Nf6 2. Nd2 d5 3. c4 e6 4. e3 c5 5. Ngf3 Nc6 6. cxd5 Nxd5 7. Bb5 Nc7 8.
Bxc6+ bxc6 9. dxc5 Ba6 10. Qa4 Bb5 11. Qd4 Na6 12. b4 Qxd4 13. Nxd4 Nxb4 14. a4
Nd3+ 15. Kf1 Ba6 16. Kg1 Bxc5 17. Ba3 Bxa3 18. Rxa3 Rb8 19. h4 O-O 20. Nxc6 Rb2
21. Ne4 f5 22. Rxd3 Bxd3 23. Ng5 a6 24. Nxe6 Rf6 25. Ncd4 Rh6 26. Rh3 Kf7 27.
Nf4 Be4 28. f3 Bb1 29. Rh1 Rhb6 30. Nd5 Rd6 31. Nc3 Bd3 32. Kh2 f4 33. Rd1 Bc2
34. Rd2 fxe3 35. Rxc2 Rxc2 36. Nxc2 Rc6 37. Nxe3 Rxc3 38. Nd5 Rc4 39. g4 Rxa4
40. Kg2 Rd4 41. Nc3 Rc4 42. Nd5 a5 43. Ne3 Rc3 44. Nd5 Rb3 45. Nf4 a4 46. Ne2
a3 47. Nd4 Rb2+ 0-1

[Event "II Weekend Accademia A Inverno"]
[Site "Roma ITA"]
[Date "2006.02.03"]
[Round "1"]
[White "Ramondino, Renzo"]
[Black "Luzi, Alessandro"]
[Result "1-0"]
[WhiteElo "2273"]
[BlackElo "1933"]
[PlyCount "85"]
[EventDate "2006.02.03"]

1. e4 e5 2. Nf3 Nc6 3. Bb5 a6 4. Ba4 Nf6 5. O-O b5 6. Bb3 Be7 7. Re1 O-O 8. h3
Bb7 9. d3 d6 10. a3 Na5 11. Ba2 c5 12. Nbd2 Nc6 13. Nf1 Qc7 14. Ng3 Bc8 15. c3
b4 16. d4 bxc3 17. bxc3 cxd4 18. cxd4 Nxd4 19. Nxd4 exd4 20. Bb2 Be6 21. Qxd4
Bxa2 22. Rxa2 Qc5 23. Nf5 Rfe8 24. Qd3 Bf8 25. Nh6+ Kh8 26. Nxf7+ Kg8 27. Nh6+
Kh8 28. Bxf6 gxf6 29. Nf5 d5 30. Rc2 dxe4 31. Rxc5 exd3 32. Rxe8 Rxe8 33. Rd5
Bxa3 34. Rxd3 Bb4 35. Rd7 a5 36. Ne3 Bc3 37. Ra7 Re4 38. g4 a4 39. Ra8+ Kg7 40.
Nf5+ Kg6 41. Nd6 Re1+ 42. Kg2 Ra1 43. Rg8+ 1-0

[Event "II Weekend Accademia A Inverno"]
[Site "Roma ITA"]
[Date "2006.02.03"]
[Round "1"]
[White "Tomescu, Vlad"]
[Black "Sautto, Alessandra"]
[Result "1-0"]
[WhiteElo "2391"]
[BlackElo "1981"]
[PlyCount "57"]
[EventDate "2006.02.03"]

1. e4 e6 2. d4 d5 3. Nc3 dxe4 4. Nxe4 Bd7 5. Nf3 Bc6 6. Bd3 Nd7 7. c4 Bxe4 8.
Bxe4 Bb4+ 9. Kf1 c6 10. Qb3 Ndf6 11. Qxb4 Nxe4 12. Qxb7 Ne7 13. Bf4 O-O 14. Re1
Nf6 15. Qc7 Ng6 16. Qxd8 Rfxd8 17. Bg3 a5 18. Ke2 Rd7 19. Rb1 Rad8 20. Rhd1 a4
21. Rd3 Ne4 22. Ke3 Nxg3 23. hxg3 Kf8 24. Ra3 c5 25. dxc5 Ne7 26. Rxa4 Nf5+ 27.
Ke2 Nd4+ 28. Nxd4 Rxd4 29. c6 1-0

[Event "II Weekend Accademia A Inverno"]
[Site "Roma ITA"]
[Date "2006.02.03"]
[Round "1"]
[White "Tripoli, Enrico"]
[Black "Vocaturo, Daniele"]
[Result "0-1"]
[WhiteElo "1970"]
[BlackElo "2358"]
[PlyCount "88"]
[EventDate "2006.02.03"]

1. e4 c5 2. Nf3 d6 3. d4 cxd4 4. Nxd4 Nf6 5. Nc3 g6 6. Be3 Bg7 7. f3 O-O 8. Qd2
Nc6 9. Bc4 Bd7 10. O-O-O Qa5 11. Bb3 Rfc8 12. Kb1 Ne5 13. h4 Nc4 14. Bxc4 Rxc4
15. Nb3 Qc7 16. Bd4 Be6 17. h5 a5 18. hxg6 hxg6 19. a4 Rb4 20. Bxf6 Bxf6 21.
Nd5 Bxd5 22. Qxd5 Rc8 23. Rd2 Rxa4 24. Rh6 e6 25. Qxd6 Qxd6 26. Rxd6 Rac4 27.
c3 a4 28. Nd2 R4c5 29. f4 Rd8 30. Rxd8+ Bxd8 31. Rh3 g5 32. Rh5 a3 33. Nf3 axb2
34. Kxb2 Rb5+ 35. Kc2 Ra5 36. g4 Ra2+ 37. Kd3 gxf4 38. Rc5 Kg7 39. Rb5 Rf2 40.
Nd4 b6 41. e5 Rg2 42. Ke4 Rxg4 43. Ne2 Kg6 44. Nxf4+ Kg5 0-1